000 00614nam a22002057a 4500
005 20251108173502.0
008 250721s2002 xx 000 0 ara d
020 _a9776078095
082 1 4 _aط/956.031/صال
100 1 _aصالح، محمد عبد الله
245 1 0 _aاليمامة /
264 1 _aالقاهرة :
_bالفرسان 2000،
_c2002.
300 _a16ص.
490 0 _aالفتوحات الإسلامية
_v1
650 1 7 _aالفتوحات الأسلامية
650 1 7 _aحروب الردة
653 _aناشئون صغار(10-14 سنة )
942 _2ddc
_cBK
999 _c105034
_d105034